00425nam a2200181Ia 4500003000400000005001700004008004000021020001800061040000700079041000800086082001600094100001800110245003700128250000600165260002500171300001100196700003600207OSt20220625130252.0210210b2015 xxu||||| |||| 00| 0 eng d a9789332518759 cAL aeng a003.83 BAND aBANKS (Jerry) aDiscrete event system simulation a5 aNoidabPearsonc2015 aiv,564 aCARSON (John S)NELSON (Barry L)